Európska dimenzia v morálnej kultivácii osobnosti

Bibliographic Details
Main Author: Žilínek, Martin, 1949-2020 (Author)
Format: Book
Language:Slovak
English
PhysicalDescription:206 s. 21 cm
Published: Bratislava Univerzita Komenského 1999
ISBN:802231353X
Subjects:

MARC

LEADER 00000nam a2200000 a 4500
001 vtls001374841
003 SK-MaSNL
005 20260302034303.0
008 240318s1999 xo ad r yy slo
015 |a SNBA1999/12-04460 
020 |a 802231353X 
035 |a SNK000328732 
035 |a urn:nbn:sk:snk-amk4ob 
035 |a urn:nbn:sk:snk-am00585c 
035 |a 4C4AACBC-02D1-4E24-9C2C-CB70DF493921 
040 |a SNK  |b slo  |c SNK  |e AACR2 
041 1 |a slo  |a eng 
044 |a xo  |c SK 
080 |a 17.02=20=854  |2 1981 
100 1 |a Žilínek, Martin,  |d 1949-2020  |4 aut  |9 220278 
245 1 0 |a Európska dimenzia v morálnej kultivácii osobnosti  |c Martin Žilínek 
246 1 0 |a European dimension in moral cultivation of an individual 
246 1 1 |a European dimension in moral cultivation of an individual 
260 |a Bratislava  |b Univerzita Komenského  |c 1999 
300 |a 206 s.  |c 21 cm 
500 |a Súbež. tit. strana a text angl. 
500 |a 200 výt. 
504 |a Bibliogr. s. 194-201. Res. slov., angl., franc., nem. a rus. 
650 0 7 |a osobnosť  |x identita mravná  |x dimenzia aurópska  |x monografie  |2 SNK  |9 685673 
655 7 |a príručky  |2 SNK  |9 74364 
919 |a 80-223-1353-X 
999 |c 1065608  |d 1067538 
952 |t P60, <03>, [BOOK], {603}  |a SNK  |b SNK  |y PREZ  |7 0  |p 17A0214360  |o snkSC 99852  |i snkKSP 10228/99  |0 0  |1 0  |4 0  |d 1999-10-18  |f 1  |l 0  |r 2025-09-19 00:00:00  |w 2026-02-24 
952 |t P60, <04>, [BOOK], {604}  |a SNK  |b SNK  |y VYP  |7 0  |p 17A0214361  |o snkSC 99852 D1  |i snkKSP 10229/99  |0 0  |1 0  |4 0  |d 1999-10-18  |l 0  |r 2005-01-02 00:00:00  |w 2026-02-24